Revista internacional de mediacin̤ (RIM)

Detalles Bibliográficos
Formato: Revista
Lenguaje:español
Publicado: Madrid : Dykinson, [2013]-
Materias:
Acceso en línea:Acceso restringido

MARC

LEADER 00000nas a2200000 a 4500
005 20140430181542.0
007 cr |||||||||||
008 140423u20139999sp r pso 0 b0spa c
022 0 |a 2341-0051 
035 |a 12041 
040 |a vLex 
090 |c 4866  |d 4866 
245 0 0 |a Revista internacional de mediacin̤  |h [Recurso electrn̤ico] :  |b (RIM) 
246 1 3 |a RIM 
256 |a Servicio en ln̕ea 
260 |a Madrid :  |b Dykinson,   |c [2013]- 
300 |a 1 recurso electrn̤ico 
310 |a Desconocida 
362 0 |a Nm︢. 0, Jun. 2013- 
506 1 |a Contenido solo disponible en los productos indicados  |d vLex Global 
650 0 4 |a Mediacin̤ social  |x Revistas 
650 0 4 |a Resolucin̤ de conflictos  |x Revistas 
655 4 |a Revistes electrṇiques 
740 0 |a vLex Revistas (Servicio en ln̕ea) 
740 0 |a RIM 
856 4 0 |z Acceso restringido  |u http://vlex.com/source/revista-internacional-mediacion-12041 
942 |c REV 
999 0 |a Mediation 
999 0 |a Dispute resolution (Law)